<?xml version="1.0" encoding="UTF-8"?>
<record
    xmlns:xsi="http://www.w3.org/2001/XMLSchema-instance"
    xsi:schemaLocation="http://www.loc.gov/MARC21/slim http://www.loc.gov/standards/marcxml/schema/MARC21slim.xsd"
    xmlns="http://www.loc.gov/MARC21/slim">

  <leader>00502nam a22001457a 4500</leader>
  <controlfield tag="003">OSt</controlfield>
  <controlfield tag="005">20150930153929.0</controlfield>
  <controlfield tag="008">150930b        xxu||||| |||| 00| 0 eng d</controlfield>
  <datafield tag="040" ind1=" " ind2=" ">
    <subfield code="c">RUA</subfield>
  </datafield>
  <datafield tag="082" ind1=" " ind2=" ">
    <subfield code="a">AGR &#x1798;&#x17C9;&#x17B6;&#x1793;&#x17CB; 1992 B002 Or.1</subfield>
  </datafield>
  <datafield tag="100" ind1=" " ind2=" ">
    <subfield code="9">1621</subfield>
    <subfield code="a">&#x1798;&#x17C9;&#x17B6;&#x1793;&#x17CB;, &#x179F;&#x17BB;&#x1792;&#x17B6;&#x179C;&#x17B8;</subfield>
  </datafield>
  <datafield tag="245" ind1=" " ind2=" ">
    <subfield code="a">&#x179F;&#x178F;&#x17D2;&#x179C;&#x179B;&#x17D2;&#x17A2;&#x17B7;&#x178F; &#x1793;&#x17B7;&#x1784;&#x1787;&#x1798;&#x17D2;&#x1784;&#x17BA;&#x179B;&#x17BE;&#x178A;&#x17C6;&#x178E;&#x17B6;&#x17C6;&#x1794;&#x17C9;&#x17C1;&#x1784;&#x1794;&#x17C9;&#x17C4;&#x17C7; &#x1780;&#x17D2;&#x1793;&#x17BB;&#x1784;&#x1781;&#x17C1;&#x178F;&#x17D2;&#x178F;&#x1780;&#x178E;&#x17D2;&#x178F;&#x17B6;&#x179B;</subfield>
  </datafield>
  <datafield tag="300" ind1=" " ind2=" ">
    <subfield code="a">87p.</subfield>
    <subfield code="b">ill.</subfield>
    <subfield code="c">29cm.</subfield>
  </datafield>
  <datafield tag="942" ind1=" " ind2=" ">
    <subfield code="2">ddc</subfield>
    <subfield code="c">AGR</subfield>
  </datafield>
  <datafield tag="999" ind1=" " ind2=" ">
    <subfield code="c">1528</subfield>
    <subfield code="d">1528</subfield>
  </datafield>
  <datafield tag="952" ind1=" " ind2=" ">
    <subfield code="0">0</subfield>
    <subfield code="1">0</subfield>
    <subfield code="2">ddc</subfield>
    <subfield code="4">0</subfield>
    <subfield code="6">AGR_&#x1798;&#x17B6;&#x1793;_1992_000000000000000_B002_OR_1</subfield>
    <subfield code="7">0</subfield>
    <subfield code="9">6841</subfield>
    <subfield code="a">LBB</subfield>
    <subfield code="b">LBB</subfield>
    <subfield code="c">B002</subfield>
    <subfield code="d">2015-09-30</subfield>
    <subfield code="o">AGR &#x1798;&#x17C9;&#x17B6;&#x1793;&#x17CB; 1992 B002 Or.1</subfield>
    <subfield code="p">RUA018956</subfield>
    <subfield code="r">2015-09-30</subfield>
    <subfield code="w">2015-09-30</subfield>
    <subfield code="y">AGR</subfield>
  </datafield>
</record>
